[Event "10th Panam-ch (w)"]
[Site "Montevideo URU"]
[Date "2012.11.25"]
[Round "3"]
[White "Nunez Marquina, Nataly Massiel"]
[Black "Miraballes Lopez, Carol"]
[Result "1-0"]
[WhiteElo "1933"]
[BlackElo "1568"]
[EventDate "2012.11.24"]
[PlyCount "61"]

1.e4 e5 2.Nf3 d6 3.d4 Be7 4.dxe5 dxe5 5.Qxd8+ Bxd8 6.Nxe5 Bf6 7.Nd3 Nc6 8.
Bd2 b6 9.Nc3 Bb7 10.O-O-O O-O-O 11.Nd5 Nce7 12.Nxf6 gxf6 13.f3 Nc6 14.Bc3 
Nd4 15.Nf4 c5 16.Bxd4 cxd4 17.Bc4 Nh6 18.Ne2 f5 19.exf5 Nxf5 20.Bxf7 Ne3 
21.Rxd4 Rxd4 22.Nxd4 Nxg2 23.Rg1 Nh4 24.f4 Rf8 25.Be6+ Kb8 26.f5 Be4 27.
Rg4 Nxf5 28.Rxe4 Nxd4 29.Rxd4 Rf1+ 30.Rd1 Rxd1+ 31.Kxd1 1-0

[Event "10th Panam-ch (w)"]
[Site "Montevideo URU"]
[Date "2012.11.25"]
[Round "3"]
[White "Larrea Llorca, Maria Daniela"]
[Black "Silva Rosas, Natalia"]
[Result "0-1"]
[WhiteElo "1652"]
[BlackElo "1924"]
[EventDate "2012.11.24"]
[PlyCount "84"]

1.d4 f5 2.e4 fxe4 3.Nc3 Nf6 4.Bg5 g6 5.Qd2 d5 6.O-O-O h6 7.Bf4 Bg7 8.Re1 
g5 9.Be3 Bf5 10.f3 e6 11.Be2 Nc6 12.fxe4 dxe4 13.Nd1 Qd5 14.Nc3 Qa5 15.Kb1
O-O-O 16.g4 Nxg4 17.Bxg4 Bxg4 18.Nxe4 Qxd2 19.Nxd2 Nxd4 20.Bxd4 Rxd4 21.
Ngf3 Rb4 22.b3 Bc3 23.Re3 Bxd2 24.Nxd2 Rf4 25.h4 Rd8 26.Nc4 Bf5 27.hxg5 
hxg5 28.Rg3 g4 29.Kb2 Rf2 30.Rc1 Rd3 31.Rxd3 Bxd3 32.Ne5 Bf5 33.Kc3 c5 34.
Nd3 Rf3 35.Rd1 g3 36.Rg1 Kc7 37.Kc4 Bxd3+ 38.cxd3 Kd6 39.Rg2 a6 40.a4 Re3 
41.Kc3 Kd5 42.Kd2 Kd4 0-1

[Event "10th Panam-ch (w)"]
[Site "Montevideo URU"]
[Date "2012.11.25"]
[Round "3"]
[White "Feliciano Ebert, Vanessa"]
[Black "De Leon De San Vicente, Patricia"]
[Result "1-0"]
[WhiteElo "2267"]
[BlackElo "1847"]
[EventDate "2012.11.24"]
[PlyCount "71"]

1.d4 d5 2.c4 e6 3.Nc3 Nf6 4.cxd5 exd5 5.Bg5 Be7 6.e3 O-O 7.Bd3 Re8 8.Qc2 
h6 9.Bh4 c6 10.Nge2 Nbd7 11.O-O Nf8 12.f3 b6 13.Rad1 Bb7 14.h3 Rc8 15.e4 
Ne6 16.e5 Nd7 17.Bxe7 Qxe7 18.Qd2 a6 19.Bb1 c5 20.f4 Ndf8 21.Kh1 Red8 22.
f5 Nxd4 23.Nxd4 cxd4 24.Qxd4 Qc5 25.Qf4 d4 26.Ne4 Bxe4 27.Bxe4 Re8 28.e6 
Qc7 29.exf7+ Qxf7 30.Rxd4 Qc7 31.Qg4 Qe5 32.f6 Rc7 33.Bd5+ Ne6 34.Bxe6+ 
Qxe6 35.Qxe6+ Rxe6 36.f7+ 1-0

[Event "10th Panam-ch (w)"]
[Site "Montevideo URU"]
[Date "2012.11.25"]
[Round "3"]
[White "Costa Pasarello, Anaclara"]
[Black "De Leon, Daiana"]
[Result "0-1"]
[WhiteElo "1670"]
[BlackElo "1723"]
[EventDate "2012.11.24"]
[PlyCount "102"]

1.d4 d5 2.c4 e6 3.Nc3 Nf6 4.cxd5 exd5 5.Bg5 Be7 6.e3 O-O 7.Bd3 Nbd7 8.Nf3 
Re8 9.O-O Nf8 10.Qc2 g6 11.Rfc1 Ne6 12.Bh4 Ng7 13.Rab1 c6 14.b4 Bf5 15.b5 
c5 16.Bxf5 Nxf5 17.Bxf6 Bxf6 18.dxc5 Rc8 19.Ne2 Qe7 20.c6 bxc6 21.bxc6 Rc7
22.Qa4 Rec8 23.Rb3 Qe8 24.Nfd4 Nxd4 25.Nxd4 Bxd4 26.Qxd4 Rxc6 27.Rxc6 Qxc6
28.g3 a6 29.Qb6 Qa4 30.Qd4 Qxa2 31.Qxd5 a5 32.Rd3 Qa1+ 33.Kg2 Rc2 34.Qd8+ 
Kg7 35.Qd4+ Qxd4 36.exd4 Ra2 37.d5 Kf8 38.d6 Ke8 39.d7+ Kd8 40.Kf3 a4 41.
Ke3 Rb2 42.Rd4 a3 43.Ra4 a2 44.Kd4 Kxd7 45.Kc3 Rxf2 46.Kb3 Rxh2 47.Rd4+ 
Ke6 48.Rd1 Rg2 49.Re1+ Kf5 50.Rf1+ Kg4 51.Kc4 Kxg3 0-1

[Event "10th Panam-ch (w)"]
[Site "Montevideo URU"]
[Date "2012.11.25"]
[Round "3"]
[White "De San Vicente Yanes, Sabrina"]
[Black "De Leon De San Vicente, Veronica"]
[Result "1-0"]
[WhiteElo "1748"]
[BlackElo "1690"]
[EventDate "2012.11.24"]
[PlyCount "43"]

1.d4 d5 2.c4 e6 3.Nc3 Nf6 4.Bg5 c6 5.cxd5 exd5 6.e3 Bd6 7.Bd3 O-O 8.Qc2 
Nbd7 9.Nf3 Bb4 10.Bxh7+ Kh8 11.Bd3 Qc7 12.Bf4 Qd8 13.O-O Qe7 14.a3 Bxc3 
15.Qxc3 Ne4 16.Bxe4 Qxe4 17.Rab1 Nf6 18.h3 Qg6 19.Ne5 Qh5 20.Qb4 Re8 21.
Rbc1 Qf5 22.Nxf7+ 1-0

[Event "10th Panam-ch (w)"]
[Site "Montevideo URU"]
[Date "2012.11.26"]
[Round "4"]
[White "Fierro Baquero, Martha"]
[Black "Aliaga Fernandez, Ingrid"]
[Result "1/2-1/2"]
[WhiteElo "2364"]
[BlackElo "2175"]
[EventDate "2012.11.24"]
[PlyCount "126"]

1.Nf3 d5 2.c4 dxc4 3.Qa4+ Nd7 4.g3 a6 5.Qxc4 b5 6.Qc2 Bb7 7.Bg2 Ngf6 8.O-O
e6 9.d4 Be4 10.Qd1 Be7 11.Nc3 Bb7 12.Bf4 Rc8 13.Ne5 Bxg2 14.Kxg2 Nxe5 15.
Bxe5 O-O 16.Kg1 c5 17.dxc5 Rxc5 18.Qd4 Qxd4 19.Bxd4 Rc4 20.Rfd1 Rfc8 21.a3
h6 22.Rd3 Rd8 23.Rad1 Rcc8 24.Kg2 Kf8 25.e4 Ne8 26.e5 Rd7 27.Bb6 Rxd3 28.
Rxd3 Rc6 29.Ba5 f6 30.exf6 Nxf6 31.Kf3 Kf7 32.Bd8 Rd6 33.Rxd6 Bxd6 34.Bxf6
gxf6 35.Ne4 Be5 36.b3 Bb2 37.a4 bxa4 38.bxa4 Bd4 39.Ke2 Ke7 40.Kd3 Bb6 41.
f3 f5 42.Nd2 h5 43.h3 Bc7 44.g4 fxg4 45.fxg4 hxg4 46.hxg4 Kf6 47.Ke4 Bd8 
48.Nf3 Bc7 49.Nd4 Bb6 50.Nf3 Bc7 51.Nd4 Bb6 52.Nf3 Bc7 53.g5+ Kg6 54.Nd4 
Bd8 55.Nxe6 Bxg5 56.Kd5 Bd2 57.Kc6 Kf7 58.Nc5 a5 59.Nb3 Be1 60.Kb5 Ke8 61.
Nxa5 Bxa5 62.Kxa5 Kd8 63.Kb6 Kc8 1/2-1/2

[Event "10th Panam-ch (w)"]
[Site "Montevideo URU"]
[Date "2012.11.26"]
[Round "4"]
[White "Vargas Talavera, Gabriela"]
[Black "Heredia Serrano, Carla"]
[Result "0-1"]
[WhiteElo "2055"]
[BlackElo "2206"]
[EventDate "2012.11.24"]
[PlyCount "112"]

1.d4 d5 2.c4 dxc4 3.e4 e5 4.Nf3 exd4 5.Qxd4 Qxd4 6.Nxd4 Nf6 7.f3 Bc5 8.Nb5
Na6 9.Bxc4 c6 10.N5a3 b5 11.Bb3 Nb4 12.Nc2 a5 13.Nxb4 axb4 14.Nd2 O-O 15.
Bc2 Be6 16.Nb3 Bb6 17.Bg5 c5 18.Be3 c4 19.Nc5 Rfc8 20.Nxe6 Bxe3 21.Ke2 Bb6
22.Nf4 g5 23.Nh3 Bd4 24.Rhb1 h6 25.f4 Re8 26.fxg5 Nxe4 27.Bxe4 Rxe4+ 28.
Kf1 hxg5 29.Nxg5 Rf4+ 30.Nf3 c3 31.Rd1 cxb2 32.Rab1 Rxa2 33.Ke2 Bf6 34.Ne1
Re4+ 35.Kf3 Rc4 36.Nd3 Ra3 37.Ke2 Re4+ 38.Kf3 Rc4 39.g4 Rc2 40.Ke4 Bc3 41.
h4 Re2+ 42.Kf3 Rh2 43.h5 Rc2 44.Ke4 Re2+ 45.Kf3 Re6 46.g5 Rd6 47.Ke4 Rd4+ 
48.Kf5 Ra1 49.Nxb2 Rxd1 50.Rxd1 Bxb2 51.Rd8+ Kg7 52.h6+ Kh7 53.Rd7 Rf1+ 
54.Kg4 Kg6 55.Rd6+ f6 56.gxf6 Bxf6 0-1

[Event "10th Panam-ch (w)"]
[Site "Montevideo URU"]
[Date "2012.11.26"]
[Round "4"]
[White "Colombo Sere, Camila"]
[Black "Felix Vega, Aurora Edith"]
[Result "1-0"]
[WhiteElo "2090"]
[BlackElo "1963"]
[EventDate "2012.11.24"]
[PlyCount "91"]

1.d4 Nf6 2.c4 g6 3.Nc3 Bg7 4.e4 d6 5.f3 O-O 6.Bg5 h6 7.Be3 Na6 8.Qd2 Kh7 
9.Nge2 c5 10.d5 Nc7 11.g4 Nd7 12.Ng3 Rb8 13.a4 Na6 14.Nb5 Nb4 15.a5 Ne5 
16.Kf2 a6 17.Nc3 f5 18.exf5 gxf5 19.Nh5 fxg4 20.Nxg7 Nxf3 21.Qc1 Ng5+ 22.
Kg2 Kxg7 23.Bxg5 hxg5 24.Qxg5+ Kh7 25.Ne4 Qe8 26.Re1 Bf5 27.Nxc5 Qg6 28.
Qh4+ Kg8 29.Ne6 Rf7 30.Qg5 Qxg5 31.Nxg5 Rg7 32.Ne6 Bxe6 33.Rxe6 Kf8 34.Be2
Ke8 35.Bd1 Nd3 36.Rh6 Kf8 37.Rf1+ Kg8 38.b3 Rf8 39.Rh8+ Kxh8 40.Rxf8+ Rg8 
41.Rxg8+ Kxg8 42.Bxg4 Nc5 43.b4 Nd3 44.b5 Nc5 45.Bc8 Nb3 46.Bxb7 1-0

[Event "10th Panam-ch (w)"]
[Site "Montevideo URU"]
[Date "2012.11.26"]
[Round "4"]
[White "Casusol Guzman, Cecilia Orilia"]
[Black "Nunez Marquina, Nataly Massiel"]
[Result "0-1"]
[WhiteElo "1991"]
[BlackElo "1933"]
[EventDate "2012.11.24"]
[PlyCount "86"]

1.e4 c5 2.d4 e6 3.Nf3 cxd4 4.Nxd4 a6 5.c4 Nf6 6.Nc3 Qc7 7.Bd3 Nc6 8.Nde2 
b6 9.O-O Ne5 10.Bf4 Bd6 11.Bxe5 Bxe5 12.f4 Bd6 13.Kh1 Bc5 14.Ng3 d6 15.a3 
Bd4 16.Nce2 Bxb2 17.Rb1 Ng4 18.Rxb2 Ne3 19.Qb3 Nxf1 20.Nxf1 Rb8 21.Qc3 O-O
22.Neg3 g6 23.Ne3 Qc5 24.Ng4 e5 25.f5 f6 26.Rf2 h5 27.Nh6+ Kg7 28.fxg6 
Qxf2 29.Qc1 Kxg6 30.Be2 Qf4 31.Qxf4 exf4 32.Ngf5 Rh8 33.Bxh5+ Kxh5 34.Nf7 
Bxf5 35.exf5 Rhe8 36.h3 Re7 37.Nxd6 Rd8 38.c5 Rxd6 39.cxd6 Rd7 40.Kg1 Rxd6
41.Kf2 Rd3 42.a4 Kg5 43.Ke2 Ra3 0-1

[Event "10th Panam-ch (w)"]
[Site "Montevideo URU"]
[Date "2012.11.26"]
[Round "4"]
[White "Silva Rosas, Natalia"]
[Black "Sanchez Zambrano, Vanessa"]
[Result "0-1"]
[WhiteElo "1924"]
[BlackElo "1942"]
[EventDate "2012.11.24"]
[PlyCount "96"]

1.e4 c5 2.f4 Nc6 3.Nf3 a6 4.a4 e6 5.Nc3 Nge7 6.d4 cxd4 7.Nxd4 d6 8.Bc4 g6 
9.Nxc6 Nxc6 10.Be3 Bg7 11.O-O O-O 12.Qd2 Qc7 13.Rad1 Na5 14.Ba2 Nc4 15.
Bxc4 Qxc4 16.Qxd6 b5 17.Qc5 Bb7 18.Qxc4 bxc4 19.Rd7 Bc6 20.Rd6 Bxc3 21.
Rxc6 Bxb2 22.Rxc4 Rfc8 23.Rxc8+ Rxc8 24.a5 Rxc2 25.Rf2 Rxf2 26.Kxf2 Kf8 
27.Ke2 Ke7 28.Kd3 Kd6 29.Kc4 Kc6 30.e5 Ba3 31.Bb6 Bc1 32.g3 h5 33.Bc5 Bd2 
34.Bb4 Bxb4 35.Kxb4 Kd5 36.h3 Ke4 37.g4 hxg4 38.hxg4 Kd5 39.Kb3 g5 40.fxg5
Kxe5 41.Kc4 Kf4 42.Kc5 e5 43.Kb6 e4 44.Kxa6 e3 45.Kb7 e2 46.a6 e1=Q 47.a7 
Kxg5 48.a8=Q Qe4+ 0-1

[Event "10th Panam-ch (w)"]
[Site "Montevideo URU"]
[Date "2012.11.26"]
[Round "4"]
[White "Abarca Gonzalez, Damaris"]
[Black "Feliciano Ebert, Vanessa"]
[Result "0-1"]
[WhiteElo "2047"]
[BlackElo "2267"]
[EventDate "2012.11.24"]
[PlyCount "122"]

1.e4 c5 2.Nc3 Nc6 3.g3 g6 4.Bg2 Bg7 5.d3 d6 6.Be3 e5 7.Qd2 Nge7 8.Bh6 O-O 
9.h4 f6 10.Bxg7 Kxg7 11.h5 g5 12.h6+ Kh8 13.O-O-O Ng6 14.Nd5 Be6 15.Ne2 
Nd4 16.c3 Nxe2+ 17.Qxe2 Bxd5 18.exd5 Qd7 19.Kb1 Rae8 20.Qh5 Qf7 21.Rhe1 
Kg8 22.Qg4 Ne7 23.Qd7 Nc8 24.Qg4 Qg6 25.Rh1 f5 26.Qh5 Rf6 27.g4 Ne7 28.
gxf5 Qxh5 29.Rxh5 Kf7 30.Be4 Rg8 31.Rg1 Nxf5 32.Rhxg5 Rxg5 33.Rxg5 Nxh6 
34.Bxh7 Rxf2 35.Be4 Ng8 36.Rf5+ Rxf5 37.Bxf5 Kf6 38.Be6 Ne7 39.Kc2 Kg5 40.
a3 Kf4 41.b4 b6 42.bxc5 bxc5 43.Kd2 e4 44.c4 Ng6 45.dxe4 Kxe4 46.Kc3 Nf4 
47.Bg4 Ke3 48.a4 a5 49.Bd7 Ne2+ 50.Kb3 Kd3 51.Bb5 Nd4+ 52.Kb2 Nf3 53.Kb3 
Nd2+ 54.Kb2 Kd4 55.Kc2 Nxc4 56.Bc6 Ne3+ 57.Kd2 Nxd5 58.Be8 c4 59.Bg6 Nb6 
60.Be8 Kc5 61.Kc3 d5 0-1

[Event "10th Panam-ch (w)"]
[Site "Montevideo URU"]
[Date "2012.11.26"]
[Round "4"]
[White "Perez Cardozo, Cecilia Manuela"]
[Black "Martinez, Ayelen"]
[Result "0-1"]
[WhiteElo "1603"]
[BlackElo "2088"]
[EventDate "2012.11.24"]
[PlyCount "82"]

1.d4 Nf6 2.Nf3 g6 3.c4 Bg7 4.Nc3 O-O 5.Bg5 h6 6.Bh4 d6 7.e3 Nbd7 8.Be2 c5 
9.O-O b6 10.a3 Bb7 11.b4 cxd4 12.Nxd4 Rc8 13.Rc1 Ne5 14.Qb3 Qc7 15.Ncb5 
Qb8 16.a4 Qa8 17.f3 a6 18.Na3 Rc7 19.Rc2 Rfc8 20.Rfc1 g5 21.Bf2 g4 22.e4 
e6 23.Qe3 Kh7 24.Nb3 gxf3 25.gxf3 Rg8 26.Kf1 Ned7 27.c5 bxc5 28.bxc5 dxc5 
29.Nxc5 Rxc5 30.Rxc5 Nxc5 31.Rxc5 Qd8 32.Qf4 e5 33.Qxe5 Bc8 34.Qc7 Qe8 35.
Qc6 Bh3+ 36.Ke1 Qb8 37.Nc2 Rd8 38.Ne3 Qb4+ 39.Rc3 Nxe4 40.Nd5 Rxd5 41.Qxd5
Bxc3+ 0-1

[Event "10th Panam-ch (w)"]
[Site "Montevideo URU"]
[Date "2012.11.26"]
[Round "4"]
[White "De Leon, Daiana"]
[Black "De San Vicente Yanes, Sabrina"]
[Result "1/2-1/2"]
[WhiteElo "1723"]
[BlackElo "1748"]
[EventDate "2012.11.24"]
[PlyCount "84"]

1.d4 d5 2.c4 e6 3.Nf3 f5 4.cxd5 exd5 5.Nc3 Nf6 6.e3 c6 7.Bd3 Bd6 8.Qc2 Ne4
9.b3 O-O 10.Bb2 Nd7 11.Rc1 Qe8 12.Na4 Rf6 13.O-O Rh6 14.g3 Qh5 15.Qe2 g5 
16.h4 gxh4 17.Nxh4 Qg5 18.Nf3 Qg7 19.Bxe4 fxe4 20.Ne5 Nxe5 21.dxe5 Bxe5 
22.Bxe5 Qxe5 23.Qb2 Qh5 24.f4 exf3 25.Kf2 Qf7 26.Rh1 Rxh1 27.Rxh1 Bf5 28.
Rh4 Be4 29.Rg4+ Bg6 30.Rf4 Qe7 31.Rxf3 Rf8 32.Qd4 Rxf3+ 33.Kxf3 Qf7+ 34.
Qf4 Be4+ 35.Kg4 Qg6+ 36.Qg5 Bb1 37.Nc3 Bf5+ 38.Kf4 Bd3 39.Qxg6+ hxg6 40.
Ke5 Kf7 41.Kd6 Kf6 42.Kc7 Ba6 1/2-1/2

[Event "10th Panam-ch (w)"]
[Site "Montevideo URU"]
[Date "2012.11.26"]
[Round "4"]
[White "Miraballes Lopez, Carol"]
[Black "Besso, Guadalupe"]
[Result "0-1"]
[WhiteElo "1568"]
[BlackElo "1744"]
[EventDate "2012.11.24"]
[PlyCount "86"]

1.d4 Nf6 2.Nf3 g6 3.Bf4 Bg7 4.e3 O-O 5.Bd3 d5 6.O-O Nbd7 7.Nbd2 c5 8.c3 b6
9.b3 Bb7 10.Re1 Ne4 11.Bxe4 dxe4 12.Ng5 Nf6 13.Be5 Re8 14.f3 exf3 15.Ngxf3
Rc8 16.Qe2 cxd4 17.cxd4 Rc2 18.Qf1 Bh6 19.Bf4 Bxf4 20.exf4 Qd7 21.Qd3 Bxf3
22.Qxc2 Qxd4+ 23.Kf1 Bb7 24.g3 Rc8 25.Nc4 b5 26.Qd2 Rxc4 27.Qxd4 Rxd4 28.
Rxe7 Bd5 29.Rxa7 Rd2 30.h4 Rh2 31.Re1 Bf3 32.Re3 Ne4 33.Rxf3 Nd2+ 34.Ke1 
Nxf3+ 35.Kd1 Nd4 36.a4 Ra2 37.Rb7 bxa4 38.bxa4 Rxa4 39.Kd2 h5 40.Ke3 Nf5+ 
41.Kf2 Ra3 42.Rb8+ Kg7 43.Re8 Nxg3 0-1

[Event "10th Panam-ch (w)"]
[Site "Montevideo URU"]
[Date "2012.11.26"]
[Round "4"]
[White "De Leon De San Vicente, Patricia"]
[Black "Larrea Llorca, Maria Daniela"]
[Result "1/2-1/2"]
[WhiteElo "1847"]
[BlackElo "1652"]
[EventDate "2012.11.24"]
[PlyCount "132"]

1.d4 f5 2.g3 e6 3.c4 d5 4.Bg2 c6 5.cxd5 exd5 6.Nc3 Bd6 7.Nh3 Nf6 8.Bf4 
Bxf4 9.Nxf4 O-O 10.e3 Na6 11.O-O Nc7 12.b4 Ne4 13.Qc2 Nxc3 14.Qxc3 Nb5 15.
Qb2 Nd6 16.a4 a6 17.Rab1 Bd7 18.Nd3 b5 19.a5 Nc4 20.Qc2 Ra7 21.Nc5 Re8 22.
Rfe1 Qg5 23.Qc1 Bc8 24.Bf1 Rae7 25.Bxc4 dxc4 26.Qd2 Rd8 27.Rbd1 Qg4 28.Qe2
Qh3 29.Qf1 Qxf1+ 30.Kxf1 Ra7 31.f3 Kf7 32.Kg2 Be6 33.h4 Bc8 34.Kf2 Be6 35.
e4 fxe4 36.Rxe4 Bd5 37.Rf4+ Kg8 38.Re1 Rf8 39.Rxf8+ Kxf8 40.Re5 Kf7 41.f4 
Kf8 42.Ke3 Kf7 43.g4 g6 44.h5 Kf6 45.g5+ Kf7 46.hxg6+ hxg6 47.f5 gxf5 48.
Rxf5+ Kg6 49.Kf4 Re7 50.Re5 Rf7+ 51.Ke3 Ra7 52.Ne6 Bxe6 53.Rxe6+ Kxg5 54.
Rxc6 Kf5 55.Rc5+ Ke6 56.Ke4 Kd6 57.Rd5+ Kc6 58.Re5 Kd6 59.d5 Re7 60.Rxe7 
Kxe7 61.Ke3 Kd6 62.Kd4 Kd7 63.Ke3 Kd6 64.Kd4 Kd7 65.Ke3 Kd6 66.Kd4 Kd7 
1/2-1/2

[Event "10th Panam-ch (w)"]
[Site "Montevideo URU"]
[Date "2012.11.26"]
[Round "4"]
[White "De Leon De San Vicente, Veronica"]
[Black "Costa Pasarello, Anaclara"]
[Result "0-1"]
[WhiteElo "1690"]
[BlackElo "1670"]
[EventDate "2012.11.24"]
[PlyCount "106"]

1.c4 f5 2.Nc3 Nf6 3.g3 e6 4.Bg2 Be7 5.d3 O-O 6.e3 d6 7.Nge2 c6 8.O-O Bd7 
9.a3 e5 10.b4 a6 11.Rb1 Ra7 12.a4 b5 13.axb5 axb5 14.Qc2 Qb6 15.Bd2 Be6 
16.cxb5 cxb5 17.e4 Ra3 18.Ra1 Rxa1 19.Rxa1 Nc6 20.Qb2 Ng4 21.Rf1 fxe4 22.
Nxe4 d5 23.h3 dxe4 24.hxg4 exd3 25.Nc1 Bxg4 26.Be3 Nd4 27.Nxd3 Bf6 28.Rb1 
Bf5 29.Rd1 Rd8 30.Ne1 Bg4 31.Rc1 Ne2+ 32.Kf1 Nxg3+ 33.Kg1 Ne2+ 34.Kf1 Nd4 
35.Qb1 Be2+ 36.Kg1 Bc4 37.Be4 Ne2+ 38.Kh2 Qe6 39.Bxh7+ Kh8 40.Bf5 Qd6 41.
Rc2 e4+ 42.Kg2 Bd3 43.Bc5 Nf4+ 44.Kh1 Qd5 45.f3 Bxc2 46.Qxc2 Qxf5 47.Qh2+ 
Qh5 48.fxe4 Qxh2+ 49.Kxh2 Re8 50.Nc2 Rxe4 51.Kg3 Nd5 52.Kf3 Rc4 53.Na3 
Rc3+ 0-1

[Event "10th Panam-ch (w)"]
[Site "Montevideo URU"]
[Date "2012.11.27"]
[Round "5"]
[White "Heredia Serrano, Carla"]
[Black "Fierro Baquero, Martha"]
[Result "1-0"]
[WhiteElo "2206"]
[BlackElo "2364"]
[EventDate "2012.11.24"]
[PlyCount "133"]

1.e4 g6 2.d4 Bg7 3.Nc3 c6 4.Bc4 d6 5.Qf3 e6 6.Nge2 Nd7 7.h4 Ngf6 8.Bg5 h6 
9.Be3 Qe7 10.Bb3 e5 11.O-O-O b5 12.d5 b4 13.dxc6 bxc3 14.cxd7+ Bxd7 15.
Nxc3 Bg4 16.Qg3 Bxd1 17.Rxd1 Nh5 18.Qg4 Nf6 19.Ba4+ Kf8 20.Qe2 Kg8 21.Qd2 
Ng4 22.h5 Nxe3 23.Qxe3 Kh7 24.Bb3 Rhd8 25.Rh1 Rdc8 26.Nd5 Qd8 27.Qf3 Qg5+ 
28.Kb1 Rf8 29.c3 Rab8 30.g3 Rb7 31.Ne3 Rfb8 32.Nc4 Qe7 33.Rd1 Rd8 34.Rd5 
Rbd7 35.Qd1 Bf6 36.Ba4 Rc7 37.Nxd6 a6 38.Bb3 Rxd6 39.hxg6+ fxg6 40.Rxd6 
Kg7 41.Qd5 h5 42.Ba4 Kh6 43.Rxa6 Ra7 44.Rxa7 Qxa7 45.Qd2+ Bg5 46.Qc2 Qf7 
47.c4 Qf3 48.a3 h4 49.gxh4 Bxh4 50.c5 Bd8 51.c6 Bc7 52.Bb3 Qf6 53.Qd2+ Qf4
54.Qxf4+ exf4 55.Kc2 Kg5 56.Kd2 Kf6 57.Bd5 Ke5 58.b4 Kd6 59.Ke2 g5 60.Kf3 
Bb6 61.a4 Bd4 62.b5 Bb6 63.Kg4 Bxf2 64.Kxg5 Be3 65.Kg4 Bd2 66.b6 Ba5 67.c7
1-0

[Event "10th Panam-ch (w)"]
[Site "Montevideo URU"]
[Date "2012.11.27"]
[Round "5"]
[White "Aliaga Fernandez, Ingrid"]
[Black "Colombo Sere, Camila"]
[Result "1-0"]
[WhiteElo "2175"]
[BlackElo "2090"]
[EventDate "2012.11.24"]
[PlyCount "59"]

1.e4 e6 2.d4 d5 3.Nc3 Bb4 4.e5 Ne7 5.a3 Bxc3+ 6.bxc3 b6 7.Qg4 Ng6 8.h4 h5 
9.Qg3 Ba6 10.Bd3 Bxd3 11.cxd3 c5 12.Ne2 cxd4 13.Nxd4 Qd7 14.O-O Nc6 15.Nf3
Nce7 16.Nd4 Nc6 17.Nxc6 Qxc6 18.Bd2 Qa4 19.f4 Ne7 20.Qxg7 Kd7 21.f5 exf5 
22.Bg5 Rae8 23.Qxf7 Qc6 24.Bxe7 Rxe7 25.Qxf5+ Kc7 26.Qf6 Qxf6 27.exf6 Re3 
28.Rae1 Rxd3 29.f7 Rxc3 30.Re8 1-0

[Event "10th Panam-ch (w)"]
[Site "Montevideo URU"]
[Date "2012.11.27"]
[Round "5"]
[White "Sanchez Zambrano, Vanessa"]
[Black "Nunez Marquina, Nataly Massiel"]
[Result "0-1"]
[WhiteElo "1942"]
[BlackElo "1933"]
[EventDate "2012.11.24"]
[PlyCount "84"]

1.d4 Nf6 2.c4 e6 3.Nf3 d5 4.Nc3 Nbd7 5.Bg5 Be7 6.e3 c6 7.Bd3 O-O 8.O-O 
dxc4 9.Bxc4 Nd5 10.Bxe7 Qxe7 11.Qd2 Nxc3 12.Qxc3 c5 13.Rfd1 b6 14.d5 exd5 
15.Bxd5 Rb8 16.Bc6 Nf6 17.Qe5 Qxe5 18.Nxe5 Ng4 19.Nd7 Bxd7 20.Bxd7 Nf6 21.
Bc6 Rfd8 22.Kf1 Kf8 23.Ke2 Ke7 24.h3 Ne8 25.Rac1 Nc7 26.a3 Ne6 27.f4 Rbc8 
28.Bb5 h6 29.g4 g5 30.f5 Nc7 31.Bc6 Ne8 32.Bb7 Rb8 33.Bc6 Rbc8 34.Bb7 Rb8 
35.Bc6 f6 36.e4 Nd6 37.Ke3 Nc4+ 38.Ke2 Nxb2 39.Rd5 Rbc8 40.Bb7 Rxd5 41.
exd5 Rb8 42.Bc6 Kd6 0-1

[Event "10th Panam-ch (w)"]
[Site "Montevideo URU"]
[Date "2012.11.27"]
[Round "5"]
[White "Martinez, Ayelen"]
[Black "Vargas Talavera, Gabriela"]
[Result "1/2-1/2"]
[WhiteElo "2088"]
[BlackElo "2055"]
[EventDate "2012.11.24"]
[PlyCount "91"]

1.e4 e6 2.d4 d5 3.Nc3 dxe4 4.Nxe4 Bd7 5.Nf3 Bc6 6.Bd3 Nf6 7.Bg5 Be7 8.Ned2
Nbd7 9.c4 Nc5 10.Bc2 Nce4 11.Nxe4 Bxe4 12.O-O Bxc2 13.Qxc2 O-O 14.Rad1 c6 
15.Ne5 Nd7 16.Bxe7 Qxe7 17.Rd3 Nxe5 18.dxe5 Rad8 19.Rfd1 Rxd3 20.Qxd3 Qc5 
21.Qd4 Qxd4 22.Rxd4 f6 23.exf6 Rxf6 24.Kf1 e5 25.Rd3 Rf4 26.Rd8+ Rf8 27.
Rd6 Rf4 28.b3 Rd4 29.Re6 Rd1+ 30.Ke2 Ra1 31.Rxe5 Rxa2+ 32.Kf3 Rb2 33.Re3 
Kf7 34.Rc3 Ke6 35.h4 b5 36.cxb5 cxb5 37.g4 a5 38.Ke4 Rxf2 39.Rc6+ Kf7 40.
Rc5 a4 41.Rxb5 axb3 42.Rxb3 Re2+ 43.Kf5 Rf2+ 44.Kg5 Rf6 45.Rb7+ Kf8 46.Ra7
1/2-1/2

[Event "10th Panam-ch (w)"]
[Site "Montevideo URU"]
[Date "2012.11.27"]
[Round "5"]
[White "Feliciano Ebert, Vanessa"]
[Black "Casusol Guzman, Cecilia Orilia"]
[Result "1-0"]
[WhiteElo "2267"]
[BlackElo "1991"]
[EventDate "2012.11.24"]
[PlyCount "76"]

1.d4 Nf6 2.c4 g6 3.Nc3 Bg7 4.e4 d6 5.f3 O-O 6.Bg5 h6 7.Be3 c5 8.d5 Na6 9.
Qd2 Kh7 10.Bd3 Rb8 11.Nge2 Bd7 12.g4 Nb4 13.O-O Nxd3 14.Qxd3 a6 15.a4 Ne8 
16.h4 e5 17.Kg2 f5 18.exf5 gxf5 19.Ng3 Kh8 20.gxf5 Rg8 21.Rh1 Qc8 22.Kf2 
Rf8 23.Rag1 Bxf5 24.Nxf5 Qxf5 25.Qxf5 Rxf5 26.Rg6 Kh7 27.Re6 Rf6 28.Re7 
Kg8 29.Rg1 Kf8 30.Rd7 Rf7 31.Rxf7+ Kxf7 32.h5 Nf6 33.Rg6 Rh8 34.Bd2 Bf8 
35.Ne4 Nxe4+ 36.fxe4 Ke7 37.Kf3 Rh7 38.Kg4 Kd7 1-0

[Event "10th Panam-ch (w)"]
[Site "Montevideo URU"]
[Date "2012.11.27"]
[Round "5"]
[White "Felix Vega, Aurora Edith"]
[Black "Silva Rosas, Natalia"]
[Result "1-0"]
[WhiteElo "1963"]
[BlackElo "1924"]
[EventDate "2012.11.24"]
[PlyCount "85"]

1.e4 c5 2.Nf3 e6 3.d4 cxd4 4.Nxd4 a6 5.Nc3 Bc5 6.Be3 Qb6 7.Na4 Qa5+ 8.c3 
Ba7 9.b4 Qd8 10.c4 d6 11.Be2 Nf6 12.Nc3 e5 13.Nc2 Bxe3 14.fxe3 O-O 15.O-O 
Be6 16.Qe1 Nbd7 17.Rd1 Qc7 18.Nd5 Bxd5 19.exd5 e4 20.Nd4 Ne5 21.Qh4 Ng6 
22.Qg3 Qd7 23.Nf5 Rad8 24.Rd4 Rfe8 25.Qf2 Re5 26.Bd1 b5 27.Nxg7 Nxd5 28.
Nh5 Rxh5 29.Bxh5 Nc7 30.Bxg6 fxg6 31.Rxe4 bxc4 32.Rxc4 d5 33.Rf4 Qe8 34.
Kh1 Ne6 35.Rf7 Ng5 36.Ra7 Rd6 37.Qb2 d4 38.exd4 Rf6 39.Qa1 Rxf1+ 40.Qxf1 
Qc8 41.a4 Qb8 42.Qc4+ Kf8 43.Rc7 1-0

[Event "10th Panam-ch (w)"]
[Site "Montevideo URU"]
[Date "2012.11.27"]
[Round "5"]
[White "Besso, Guadalupe"]
[Black "De Leon, Daiana"]
[Result "1-0"]
[WhiteElo "1744"]
[BlackElo "1723"]
[EventDate "2012.11.24"]
[PlyCount "127"]

1.d4 d5 2.c4 e6 3.Nc3 Nf6 4.cxd5 exd5 5.Bg5 Be7 6.e3 O-O 7.Bd3 Nbd7 8.Nge2
Re8 9.Qc2 Nf8 10.O-O g6 11.f3 Ne6 12.Bh4 Ng7 13.e4 dxe4 14.fxe4 Bg4 15.
Bxf6 Bxf6 16.Nd5 Nh5 17.Qxc7 Bxe2 18.Bxe2 Bxd4+ 19.Kh1 Rxe4 20.Qxf7+ Kh8 
21.Bxh5 Rh4 22.Nf6 Bxf6 23.Qxf6+ Qxf6 24.Rxf6 Rxh5 25.Rf7 b6 26.Rd1 a5 27.
Rdd7 Re8 28.h3 Kg8 29.Rb7 b5 30.Rg7+ Kh8 31.Rgc7 Kg8 32.Kh2 Rf8 33.Rg7+ 
Kh8 34.Rgd7 Kg8 35.Rg7+ Kh8 36.Rgd7 Kg8 37.Ra7 b4 38.Rg7+ Kh8 39.Rgd7 Kg8 
40.g4 Rh6 41.Rxa5 Rf7 42.Rxf7 Kxf7 43.Rb5 g5 44.Rxb4 Rd6 45.Rb3 Kf6 46.a4 
Ke5 47.Kg3 Ra6 48.Rb5+ Kd4 49.a5 h6 50.h4 Kc4 51.Rf5 gxh4+ 52.Kxh4 Kb3 53.
Kh5 Kxb2 54.Rb5+ Kc3 55.Rb6 Rxa5+ 56.Kxh6 Kd4 57.g5 Ra1 58.g6 Rh1+ 59.Kg7 
Kc5 60.Rf6 Kd5 61.Kf7 Ke5 62.g7 Rh7 63.Ra6 Kd5 64.Kf8 1-0

[Event "10th Panam-ch (w)"]
[Site "Montevideo URU"]
[Date "2012.11.27"]
[Round "5"]
[White "De San Vicente Yanes, Sabrina"]
[Black "Abarca Gonzalez, Damaris"]
[Result "0-1"]
[WhiteElo "1748"]
[BlackElo "2047"]
[EventDate "2012.11.24"]
[PlyCount "86"]

1.d4 d5 2.c4 c6 3.cxd5 cxd5 4.Nc3 Nf6 5.Bf4 e6 6.e3 a6 7.Bd3 Be7 8.Nf3 Nc6
9.Rc1 Bd7 10.O-O b5 11.Qe2 O-O 12.Ne5 Rc8 13.Bg3 Ne8 14.f4 Nd6 15.Qh5 f5 
16.Bf2 Be8 17.Qf3 Nc4 18.Bxc4 dxc4 19.Rfd1 Qc7 20.Be1 Nxe5 21.fxe5 Bc6 22.
Qg3 Qb7 23.Ne2 Kh8 24.Nf4 Bd5 25.Qh3 Kg8 26.Qg3 Rf7 27.Qh3 b4 28.Qg3 a5 
29.Qf2 Bg5 30.a3 Bxf4 31.exf4 Be4 32.axb4 axb4 33.Qg3 Rd7 34.Ra1 c3 35.
bxc3 b3 36.Qf2 Bc2 37.Qd2 Qe4 38.Rac1 Bxd1 39.Qxd1 b2 40.Rb1 Rb7 41.h3 Ra8
42.c4 Qxb1 43.Qxb1 Ra1 0-1

[Event "10th Panam-ch (w)"]
[Site "Montevideo URU"]
[Date "2012.11.27"]
[Round "5"]
[White "Costa Pasarello, Anaclara"]
[Black "Miraballes Lopez, Carol"]
[Result "1-0"]
[WhiteElo "1670"]
[BlackElo "1568"]
[EventDate "2012.11.24"]
[PlyCount "39"]

1.d4 d5 2.c4 e6 3.Nc3 f5 4.g3 Nf6 5.Bg2 Be7 6.Nh3 b6 7.Nf4 Bb7 8.Nxe6 Qd7 
9.cxd5 Bd6 10.e4 fxe4 11.Nxe4 Nxd5 12.Nxd6+ cxd6 13.Bxd5 Bxd5 14.Qh5+ g6 
15.Qxd5 Nc6 16.O-O Rc8 17.Bh6 Ne7 18.Ng7+ Kd8 19.Qf7 Kc7 20.Rfe1 1-0

[Event "10th Panam-ch (w)"]
[Site "Montevideo URU"]
[Date "2012.11.27"]
[Round "5"]
[White "De Leon De San Vicente, Patricia"]
[Black "Perez Cardozo, Cecilia Manuela"]
[Result "1-0"]
[WhiteElo "1847"]
[BlackElo "1603"]
[EventDate "2012.11.24"]
[PlyCount "65"]

1.d4 e6 2.c4 f5 3.g3 Nf6 4.Bg2 Be7 5.Nc3 O-O 6.Nh3 d6 7.O-O Qe8 8.f3 e5 9.
e4 fxe4 10.fxe4 Nc6 11.d5 Nd4 12.Nf2 Bd7 13.Be3 c6 14.Bxd4 exd4 15.Qxd4 
cxd5 16.Nxd5 Qf7 17.Nxe7+ Qxe7 18.Rfd1 Be6 19.b3 Rfd8 20.Rd2 b6 21.Rad1 
Ne8 22.Qc3 Rd7 23.e5 Rad8 24.Bc6 Rc7 25.Bxe8 Qxe8 26.Rxd6 Rcd7 27.c5 bxc5 
28.Qxc5 Qe7 29.Ne4 Bf5 30.Qc4+ Kh8 31.Rxd7 Rxd7 32.Qc8+ Rd8 33.Rxd8+ 1-0